| 000 | 01004cam a2200289 i 4500 | ||
|---|---|---|---|
| 999 |
_c127360 _d127360 |
||
| 001 | 19779431 | ||
| 003 | ARRUPE | ||
| 005 | 20180111123240.0 | ||
| 008 | 170711s2017 mou s000 0beng | ||
| 010 | _a 2017415452 | ||
| 020 | _a9781910248409 (pbk.) | ||
| 020 | _a9781910248560 (hbk.) | ||
| 040 |
_aDLC _beng _cDLC _erda |
||
| 042 | _apcc | ||
| 050 | 0 | 0 |
_aBX3756.S9 _bL863 2017 |
| 100 | 1 |
_aLooby, John, _cSJ, _eauthor. _938403 |
|
| 245 | 1 | 2 |
_aA man sent by God : _bblessed John Sullivan SJ / _cJohn Looby SJ. |
| 260 |
_aDublin _bMessenger Publications _c2017 |
||
| 300 |
_a84 p. ; _c24 cm |
||
| 600 | 1 | 0 |
_aSullivan, John, _d1861-1933. _913963 |
| 610 | 2 | 0 |
_aJesuits _zIreland _vBiography. _938404 |
| 906 |
_a7 _bcbc _corignew _d3 _encip _f20 _gy-gencatlg |
||
| 942 |
_2lcc _cMONOGRAPH |
||